Newspapers in DVD January - December 2008 : (Record no. 109633)
[ view plain ]
| 000 -LEADER | |
|---|---|
| fixed length control field | 00560nam a2200169 a 4500 |
| 005 - DATE AND TIME OF LATEST TRANSACTION | |
| control field | 20140414093846.0 |
| 008 - FIXED-LENGTH DATA ELEMENTS--GENERAL INFORMATION | |
| fixed length control field | 100218s19uu xx uuu eng d |
| 050 ## - LIBRARY OF CONGRESS CALL NUMBER | |
| Classification number | DVD 030 |
| Item number | PHI 2008 |
| 100 ## - MAIN ENTRY--PERSONAL NAME | |
| Personal name | Philippine Daily Inquirer; Ateneo de Manila University |
| 245 ## - TITLE STATEMENT | |
| Title | Newspapers in DVD January - December 2008 : |
| Remainder of title | Philippine Daily Inquirer / |
| Statement of responsibility, etc | Philippine Daily Inquirer; Ateneo de Manila University. |
| 250 ## - EDITION STATEMENT | |
| Edition statement | 2008 |
| 260 ## - PUBLICATION, DISTRIBUTION, ETC. (IMPRINT) | |
| Place of publication, distribution, etc | Manila : |
| Name of publisher, distributor, etc | ADMU, |
| Date of publication, distribution, etc | c2007. |
| 500 ## - GENERAL NOTE | |
| General note | 25 cd's |
| 650 ## - SUBJECT ADDED ENTRY--TOPICAL TERM | |
| Topical term or geographic name as entry element | Periodicals |
| General subdivision | Philippines. |
| 942 ## - ADDED ENTRY ELEMENTS (KOHA) | |
| Koha item type | Audio Visual Materials |
| Withdrawn status | Lost status | Damaged status | Home library | Current library | Shelving location | Date acquired | Source of acquisition | Total Checkouts | Full call number | Barcode | Date last seen | Price effective from | Koha item type |
|---|---|---|---|---|---|---|---|---|---|---|---|---|---|
| Luxembourg Library | Luxembourg Library | Audio Visual Material Section | 02/18/2010 | DVD 030 PHI 2008 | AV1283 | 05/26/2020 | 04/14/2014 | Audio Visual Materials |